000 00524nam a2200229Ia 4500
008 210210b1967 xxu||||| |||| 00| 0 eng d
041 _aeng
082 _a331/13
100 _aBHARGAVA (R N)
245 _aTheory and working of union finance in India
260 _aAllahabad
_bChaitanya Publishing House
_c1967
650 _aworking
650 _aunion
650 _aTheory
650 _aof
650 _aIndia
650 _ain
650 _afinance
650 _aand
690 _aBanking
906 _a003915
999 _c121717
_d121717